000
00284nas a2200121Ia 4500
008
230918c99999999xx |||||||||||| ||und||
040
_a
MAIN
041
_a
English
245
0
_a
Al-Tawhid
260
_b
The Islamic Propagation Organisation, Tehran
500
_a
Tehran
942
_c
BV
999
_c
234256
_d
234256